000 00539nam a2200181Ia 4500
999 _c14922
_d14922
003 OSt
005 20201019095409.0
008 190216s9999||||xx |||||||||||||| ||und||
020 _a9789351501237
040 _coclc
082 _a305.908082
_bHAN/D
100 _aHans, Asha
_95854
245 0 _aDisability, Gender And the Trajectories of Power /
_cAsha Hans
260 _bSage Publications,
_c2015.
_aNew Delhi:
300 _a278p
650 _aFeminism
942 _cBK
_2ddc
_h305.908082
_iHAN/D
_k305.908082
_mHAN/D